Great captains unveiled / (Record no. 184718)

000 -LEADER
fixed length control field 00676 a2200169 4500
003 - CONTROL NUMBER IDENTIFIER
control field Nust
005 - DATE AND TIME OF LATEST TRANSACTION
control field 20221226123507.0
040 ## - CATALOGING SOURCE
Transcribing agency Nust
082 ## - DEWEY DECIMAL CLASSIFICATION NUMBER
Classification number 355,LID
100 ## - MAIN ENTRY--PERSONAL NAME
Personal name Liddell Hart, Basil Henry
245 ## - TITLE STATEMENT
Title Great captains unveiled /
Statement of responsibility, etc. B. H. Liddell Hart
260 ## - PUBLICATION, DISTRIBUTION, ETC.
Place of publication, distribution, etc. New York
Name of publisher, distributor, etc. Books for Libraries Press
Date of publication, distribution, etc. 1967
300 ## - PHYSICAL DESCRIPTION
Extent 274 p.
505 ## - FORMATTED CONTENTS NOTE
Formatted contents note Jenghiz Khan and Sabutai (Page-1), Marechal De Saxe Military Prophet (Page-35), Gustavus Adolphus Founder of Modern War (Page-75), Wallenstein The Enigma of History (Page-153), General Wolfe Grandisre of the United States 1727-1927 (Page-205).
650 ## - SUBJECT ADDED ENTRY--TOPICAL TERM
Topical term or geographic name entry element Genghis Khan, 1162-1227.
9 (RLIN) 105917
942 ## - ADDED ENTRY ELEMENTS (KOHA)
Source of classification or shelving scheme
Koha item type Book
Call number prefix 355,LID
Holdings
Withdrawn status Lost status Source of classification or shelving scheme Damaged status Not for loan Collection code Permanent Location Current Location Date acquired Total Checkouts Full call number Barcode Date last seen Date last checked out Price effective from Koha item type
            Military College of Signals (MCS) Military College of Signals (MCS) 12/12/2016 1 355 LID MCS29545 11/12/2024 10/21/2024 12/12/2016 Book
© 2023 Central Library, National University of Sciences and Technology. All Rights Reserved.